000 00269nam a22001217a 4500
008 181204b xxu||||| |||| 00| 0 eng d
041 _aeng
080 _a574
100 _a9
101 _amje
245 _aRed River Gorge Trail Guide
_cJerrell G
942 _2udc
_cBK
999 _c52749
_d52749